Prix Nobel de littérature français - Mort subite - Statistiques

Statistiques générales
  • Ce quiz a été pris 464 fois
  • Le résultat moyen est 5 sur 16
Answers on the Grid
Answers color-coded by a green-red scale on the quiz's grid according to % correct below.
Annie Ernaux
Patrick Modiano
Albert Camus
Jean-Paul Sartre
Sully Prud'homme
Anatole France
André Gide
Frédéric Mistral
Romain Rolland
Henri Bergson
Roger Martin du Gard
Saint John Perse
Gao Xingjian
JMG Le Clézio
Claude Simon
François Mauriac
Guillaume Musso
Maurice Maeterlinck
Samuel Beckett
Louis Glück
Jean-Sol Partre
Louis Aragon
Michel Houellebecq
Amélie Nothomb
Paul Sabatier
Aristide Briand
Léon Jouhaud
Maurice Allais
Alphonse Allais
Marc Lévy
Louis-Ferdinand Céline
Marcel Proust
 
Statistiques - réponses
Réponse % Correct
Albert Camus
67%
Annie Ernaux
58%
Jean-Paul Sartre
46%
JMG Le Clézio
38%
André Gide
37%
Patrick Modiano
32%
Anatole France
28%
François Mauriac
23%
Sully Prud'homme
22%
Saint John Perse
21%
Frédéric Mistral
20%
Gao Xingjian
18%
Romain Rolland
18%
Claude Simon
16%
Henri Bergson
13%
Roger Martin du Gard
13%
Aucun quiz correspondant
Distribution des résultats
% des personnes avec chaque résultat
Percentile par nombre de réponses
Votre historique - résultats
Vous n’avez pas pris ce quiz